Marketing internacional /

Guardado en:
Autor Principal: Czinkota, Michael R.
Otros Autores: Ronkainen, Ilkka A.
Formato: Libro
Idioma:Spanish
English
Publicado: México : Pearson Educación, c2002.
Edición:6a. ed.
Materias:
Etiquetas: Agregar Etiqueta
Sin Etiquetas, Sea el primero en etiquetar este registro!
LEADER 00881nam a22002415a 4500
001 EAD.ead000968
008 070913s2002####mx#a#####b####001#0#spa#d
005 20120330122153.0
245 1 0 |a Marketing internacional /  |c Michael R. Czinkota, Ilkka A. Ronkainen. 
250 |a 6a. ed. 
260 |a México :  |b Pearson Educación,  |c c2002. 
300 |a xxxiii, 665 p., [40] p., alg. col. :  |b il. ;  |c 27 cm. +  |e 1 CD-ROM. 
500 |a Traducción de: International marketing, 6th ed. 
504 |a Incluye referencias bibliográficas e índices. 
020 |a 9702602610 
100 1 |a Czinkota, Michael R. 
700 1 |a Ronkainen, Ilkka A. 
082 0 4 |a 658.848  |2 21 
650 7 |a Marketing internacional.  |2 isoc 
650 7 |a Mercado internacional.  |2 isoc 
650 7 |a Globalización económica.  |2 isoc 
041 1 |a spa  |h eng 
859 |a AR-BaBDC  |b BIB. ADMINISTRACION - Libros  |h 658.848  |i C998a6  |p b04811